00940 2200289 4500001002100000005001500021035002000036007000300056008004100059020002200100040002200122082001500144084001700159100003700176245014800213300003000361650001700391700003300408700003300441850001200474504003300486264003700519336002100556337003000577338002300607990002000630INLIS00000000089087620241008090712 a0010-1024000069ta241008s2011 jbi g ind d a978-979-450-640-0 aYOPDYOGbinderda04223a303.38 a303.38 ALE i0 aAlex Guspeneldid1966epengarang10aImpian bunda tanah Melayu :brefleksi pemikiran pasca satu tahun di parlemen /cAlex Guspeneldi; penyunting, Taufiqqurrachman, Risman Sikumbang axii, 139 halaman ;c20 cm 4aOpini publik0 aTaufiqqurrachmanepenyunting aRisman Sikumbangepenyunting aYOPDYOG aBibliografi: halaman 133-13731aBogor :bGhalia Indonesia,c2011 2rdacontentateks 2rdamediaatanpa perantara 2rdacarrieravolume a72966-PD/A.2024